000
00289nam a22001337a 4500
008
180921b xxu||||| |||| 00| 0 eng d
020
_a
0865591342
041
_a
eng
080
_a
7
100
_a
44
101
_a
ART
245
_a
Claude Monet 1840-1926
_c
Stuckey,Ch.F
942
_2
udc
_c
BK
999
_c
48204
_d
48204